Merecer para alcanzar (Record no. 173834)

MARC details
000 -LEADER
campo de control de longitud fija 00791namaa22001691 4500
001 - NÚMERO DE CONTROL
campo de control 173834
003 - IDENTIFICADOR DE NÚMERO DE CONTROL
campo de control ES-MaACL
005 - FECHA Y HORA DE LA ÚLTIMA TRANSACCIÓN
campo de control 20230906215347.0
008 - DATOS DE LONGITUD FIJA--INFORMACIÓN GENERAL
campo de control de longitud fija 100125s1851 sp |||| | spa d
040 ## - FUENTE DE CATALOGACIÓN
Centro catalogador/agencia de origen SpMaBN
Lengua de catalogación spa
Centro/agencia transcriptor A2
100 1# - ENTRADA PRINCIPAL--NOMBRE DE PERSONA
Nombre de persona Fernández-Guerra y Orbe, Luis.
9 (RLIN) 49838
245 10 - MENCIÓN DEL TÍTULO
Título Merecer para alcanzar
Resto del título : comedia en tres actos y en verso /
Mención de responsabilidad, etc. por Luis Fernández Guerra.
260 ## - PUBLICACIÓN, DISTRIBUCIÓN, ETC.
Lugar de publicación, distribución, etc. Madrid :
Nombre del editor, distribuidor, etc. [s.n.],
Fecha de publicación, distribución, etc. 1851 (
Fabricante Impr. á cargo de C. Gonzalez)
300 ## - DESCRIPCIÓN FÍSICA
Extensión 64 p. ;
Dimensiones 17 cm.
500 ## - NOTA GENERAL
Nota general En port.: Representada por primera vez en el Teatro de la Comedia el día 19 de diciembre de 1850.
852 ## - LOCALIZACIÓN
Ubicación ES-MaACL
Número de control de estantería F-8618(8)
Nota libre .- Enc. pasta española
condición física .- Falto de la cub. original
Nota libre .- Enc. en un vol. facticio formando parte de la col. facticia "Teatro español moderno", vol. 73
Holdings
Estatus retirado Estado de pérdida Estado de daño No para préstamo Colección Biblioteca de origen Biblioteca actual Ubicación en estantería Fecha de adquisición Fuente de adquisición Total de préstamos Signatura topográfica completa Código de barras Visto por última vez Precio de reemplazo Tipo de ítem Koha
        Libros del s. XIX Biblioteca del Ateneo de Madrid Biblioteca del Ateneo de Madrid Sala Pecera Planta 2 25/01/2010     F-8618(8) 1182465 23/02/2023 23/02/2023 Libro impreso antiguo